The radical attitude and modern political theory / (Record no. 19385)
[ view plain ]
| 000 -LEADER | |
|---|---|
| fixed length control field | 01280cam a22002775a 4500 |
| 001 - CONTROL NUMBER | |
| control field | 14374760 |
| 005 - DATE AND TIME OF LATEST TRANSACTION | |
| control field | 20201128021249.0 |
| 008 - FIXED-LENGTH DATA ELEMENTS--GENERAL INFORMATION | |
| fixed length control field | 060512s2007 enk frb 001 0 eng d |
| 020 ## - INTERNATIONAL STANDARD BOOK NUMBER | |
| International Standard Book Number | 9781403994882 (hardback) |
| 020 ## - INTERNATIONAL STANDARD BOOK NUMBER | |
| International Standard Book Number | 1403994889 (hardback) |
| 040 ## - CATALOGING SOURCE | |
| Original cataloging agency | DLC |
| Transcribing agency | DLC |
| Modifying agency | BAKER |
| -- | BWKUK |
| -- | BTCTA |
| -- | YDXCP |
| -- | UKM |
| -- | COO |
| -- | OCLCG |
| -- | UAB |
| -- | ZWZ |
| -- | YUS |
| -- | DLC |
| -- | EG-ScBUE |
| 082 00 - DEWEY DECIMAL CLASSIFICATION NUMBER | |
| Classification number | 320.01 |
| Edition number | 22 |
| Item number | EDW |
| 100 1# - MAIN ENTRY--PERSONAL NAME | |
| Personal name | Edwards, Jason, |
| Dates associated with a name | 1971 October 3- |
| 9 (RLIN) | 38049 |
| 245 14 - TITLE STATEMENT | |
| Title | The radical attitude and modern political theory / |
| Statement of responsibility, etc | Jason Edwards. |
| 260 ## - PUBLICATION, DISTRIBUTION, ETC. (IMPRINT) | |
| Place of publication, distribution, etc | Hampshire ; |
| -- | New York : |
| Name of publisher, distributor, etc | Palgrave Macmillan, |
| Date of publication, distribution, etc | 2007. |
| 300 ## - PHYSICAL DESCRIPTION | |
| Extent | vi, 208 p. ; |
| Dimensions | 23 cm. |
| 500 ## - GENERAL NOTE | |
| General note | Index : p. 203-208. |
| 504 ## - BIBLIOGRAPHY, ETC. NOTE | |
| Bibliography, etc | Bibliography : p. 185-202. |
| 505 0# - FORMATTED CONTENTS NOTE | |
| Formatted contents note | The reformation and the radical attitude : Luther, Muntzer and Calvin -- The politicisation of man in the seventeenth century : the Levellers and Hobbes -- Enlightenment, law and nature : Montesquieu and Rosseau -- Conservatism and radicalism : Burke and Paine -- Democracy and revolution : Tocqueville and Marx -- Crisis and decision : Lenin and Schmitt. |
| 650 #7 - SUBJECT ADDED ENTRY--TOPICAL TERM | |
| Topical term or geographic name as entry element | Political Science |
| General subdivision | Philosophy. |
| Source of heading or term | BUEsh |
| 9 (RLIN) | 684 |
| Form subdivision | Philosophy |
| 650 #0 - SUBJECT ADDED ENTRY--TOPICAL TERM | |
| Topical term or geographic name as entry element | Radicalism. |
| Source of heading or term | BUEsh |
| 651 ## - SUBJECT ADDED ENTRY--GEOGRAPHIC NAME | |
| Source of heading or term | BUEsh |
| 653 ## - INDEX TERM--UNCONTROLLED | |
| Resource For college | BAEPS, Political Science |
| Arrived date list | May2015 |
| 655 ## - INDEX TERM--GENRE/FORM | |
| Form subdivision | |
| -- | 34232 |
| 942 ## - ADDED ENTRY ELEMENTS (KOHA) | |
| Source of classification or shelving scheme | Dewey Decimal Classification |
| Withdrawn status | Item status | Source of classification or shelving scheme | Damaged status | Not for loan | Vendor | Home library | Current library | Shelving location | Date acquired | Source of acquisition | Cost, normal purchase price | Total Checkouts | Total Renewals | Full call number | Barcode | Date last seen | Date last borrowed | Cost, replacement price | Koha item type |
|---|---|---|---|---|---|---|---|---|---|---|---|---|---|---|---|---|---|---|---|
| Dewey Decimal Classification | Baccah | Central Library | Central Library | First floor | 20/05/2015 | 632.00 | 5 | 63 | 320.01 EDW | 000038246 | 15/07/2025 | 13/02/2018 | 790.00 | Book - Borrowing |